LEADER 01157nam0-2200373li-450 001 990000247750203316 005 20180312154834.0 010 $a0-13-593005-7 035 $a0024775 035 $aUSA010024775 035 $a(ALEPH)000024775USA01 035 $a0024775 100 $a2001997101997-------y0itay0103----ba 101 0 $aeng 102 $aGB 200 1 $a<> course in Fuzzy systems and control$fLi-Xing Wang 210 $aLondon$cPrentice-Hall International$dcopyr. 1997 215 $aXVIII, 424 p.$cill.$d23 cm 610 1 $acontrolli automatici 610 1 $ateoria degli insiemi 676 $a511322$9Teoria degli insiemi 700 1$aWang,$bLi-Xin$027480 801 $aSistema bibliotecario di Ateneo dell' Università di Salerno$gRICA 912 $a990000247750203316 951 $a511.322 WAN$b20535/CBS$c511.322$d00101057 959 $aBK 969 $aSCI 979 $c19971004 979 $c20001110$lUSA01$h1715 979 $c20020403$lUSA01$h1633 979 $aPATRY$b90$c20040406$lUSA01$h1618 979 $aRSIAV6$b90$c20090427$lUSA01$h1522 996 $aCourse in Fuzzy systems and control$91502357 997 $aUNISA LEADER 01366nam--2200421---450- 001 990000411810203316 005 20051108145135.0 010 $a88-13-20129-X 035 $a0041181 035 $aUSA010041181 035 $a(ALEPH)000041181USA01 035 $a0041181 100 $a20010423d1997----km-y0itay0103----ba 101 $aita 102 $aIT 105 $a||||||||001yy 200 1 $aApproccio neuropsicologico ai disturbi cognitivi in età evolutiva$eproposta di una strumento di valutazione$fPatrizia Bisiacchi S., Isabella Lonciari, Sabina Liguoro 210 $aPadova$cCedam$d1997 215 $a233 p.$d27 cm 410 $12001 461 1$1001-------$12001 606 0 $aFanciulli minorati$xEducazione 606 0 $aNeuropsicopatie$xInfanzia 676 $a371.928 700 1$aBISACCHI,$bPatrizia S.$0544586 701 1$aLONCIARI,$bIsabella$0544587 701 1$aLIGUORO,$bSabina$0544588 801 0$aIT$bsalbc$gISBD 912 $a990000411810203316 951 $aII.4. 3339(VI ps B 742)$b133066 LM$cVI ps A 959 $aBK 969 $aUMA 979 $aPATTY$b90$c20010423$lUSA01$h1131 979 $c20020403$lUSA01$h1649 979 $aPATRY$b90$c20040406$lUSA01$h1629 979 $aCOPAT2$b90$c20051108$lUSA01$h1451 996 $aApproccio neuropsicologico ai disturbi cognitivi in età evolutiva$9875040 997 $aUNISA LEADER 05281nam 22006134a 450 001 9910830398103321 005 20230721004022.0 010 $a1-281-31797-7 010 $a9786611317973 010 $a0-470-34456-3 010 $a0-470-34418-0 035 $a(CKB)1000000000687709 035 $a(EBL)362034 035 $a(OCoLC)437224657 035 $a(SSID)ssj0000354907 035 $a(PQKBManifestationID)11266141 035 $a(PQKBTitleCode)TC0000354907 035 $a(PQKBWorkID)10316070 035 $a(PQKB)10924077 035 $a(MiAaPQ)EBC362034 035 $a(EXLCZ)991000000000687709 100 $a20060331d2007 uy 0 101 0 $aeng 135 $aur|n|---||||| 181 $ctxt 182 $cc 183 $acr 200 00$aXie's veterinary acupuncture$b[electronic resource] /$fedited by Huisheng Xie [i.e. author], Vanessa Preast ; illustrated by Zhen Zhao 205 $a1st ed. 210 $aAmes, Iowa $cBlackwell Pub.$d2007 215 $a1 online resource (376 p.) 300 $aDescription based upon print version of record. 311 $a0-8138-1247-X 320 $aIncludes bibliographical references and index. 327 $aContents; Contributors; Preface; 1 Introduction to Meridians; The Jing-Luo System; A. Discovery of the Jing-Luo System; B. The 12 Regular Channels; C. The 8 Extraordinary Channels (Qi-Jing-Ba-Mai); D. The 14 Regular Channels; E. The 15 Collaterals; F. The 12 Divergent Meridians (Shi-Er-Jing-Bie); G. The 12 Muscle Regions (Shi-Er-Jing-Jin); H. The 12 Cutaneous Regions; Root, Basis, Manifestation, and Branch of Meridians; A. The Basis (Ben) and Manifestation (Biao); B. The Root (Gen) and Branch (Jie); Qi Streets and Four Seas of the Meridians; A. The Qi Streets (Qi-Jie); B. Four Seas (Si-Hai) 327 $aFunctions of the Jing-LuoA. Physiological Aspects; B. Pathological Aspects; C. Therapeutic Aspects; 2 Introduction to Acupuncture Points; Nomenclature of Acupoints; A. Traditional Nomenclature System; B. Western Nomenclature System; Classification of Acupoints; Therapeutic Effects of Acupoints; A. General Therapeutic Effects; B. Special Acupoints; Methods to Locate the Points; A. The Acupuncture Unit of Measurement of the Body; B. Proportional Measurement; C. Anatomic Landmarks; D. Tail Vertebral or Last Rib Cun Measurement; E. Finger Cun Measurement; 3 Equine Transpositional Acupoints 327 $aLung ChannelLarge Intestine Channel; Stomach Channel; Spleen Channel; Heart Channel; Small Intestine Channel; Bladder Channel; Kidney Channel; Pericardium Channel; Triple Heater Channel; Gallbladder Channel; Liver Channel; Governing Vessel Channel; Conception Vessel Channel; 4 Equine Classical Acupoints; Head Regions; Trunk and Tail Regions; Thoracic Limb Regions; Pelvic Limb Regions; Extra Points; Ear Points; Acupuncture Analgesia Points; 5 Canine Transpositional Acupoints; Lung Channel; Large Intestine Channel; Stomach Channel; Spleen Channel; Heart Channel; Small Intestine Channel 327 $aBladder ChannelKidney Channel; Pericardium Channel; Triple Heater Channel; Gallbladder Channel; Liver Channel; Governing Vessel Channel; Conception Vessel Channel; Overview of the Most Commonly Used Transpositional Acupoints; 6 Canine Classical Acupoints; Head and Neck Regions; Trunk and Tail Regions; Thoracic Limbs; Pelvic Limbs; 7 General Rules of Acupuncture Therapy; Six Basic Acupuncture Methods; A. Tonifying and Reducing Methods; B. Warming and Cooling Methods; C. Ascending and Descending Method; Five General Principles to Select Acupuncture Points; A. Selection of Local Points 327 $aB. Selection of Distant PointsC. Selection of Symptomatic Points; D. Selection of Balance Points; E. Selection of Special Points; Eight Methods for Deficiency Pattern; A. General Tonic Points; B. Source (Yuan) Point; C. Influential Point; D. Back-shu Association Points or Front-mu Alarm Points; E. Mother Point on That Channel; F. Five Levels of Five-Shu Points; G. Hind Limb Yin Channel He-Sea Points; H. Four-Point Techniques; Eight Methods for Excess; A. Local Points; B. Master Points; C. Influential Points; D. Back-shu Associate Points or Front-mu Alarm Points; E. Energetic Points 327 $aF. Five Levels of Five-Shu Points 330 $aTraditional Chinese Veterinary Medicine has been used to treat animals in China for thousands of years. Until now, the majority of the literature on Traditional Chinese Veterinary Medicine has been written in Chinese. Xie's Veterinary Acupuncture serves as a comprehensive and accessible reference on the basic principles, techniques and clinical application of veterinary acupuncture. Written by a world renowned authority on veterinary acupuncture and a panel of experts, the book incorporates a traditional Chinese approach to veterinary acupuncture, including ancient and newly developed acupunct 606 $aVeterinary acupuncture 615 0$aVeterinary acupuncture. 676 $a636.089/5892 676 $a636.0895892 701 $aXie$b Huisheng$0875526 701 $aPreast$b Vanessa$0875527 801 0$bMiAaPQ 801 1$bMiAaPQ 801 2$bMiAaPQ 906 $aBOOK 912 $a9910830398103321 996 $aXie's veterinary acupuncture$91954855 997 $aUNINA